| 000 | 00776nam a2200241 a 4500 | ||
|---|---|---|---|
| 999 |
_c6489 _d6489 |
||
| 001 | 9289 | ||
| 003 | BD-DhUAP | ||
| 005 | 20210103120901.0 | ||
| 008 | 210103s2019 bg 000 0 eng d | ||
| 020 | _a9845102190 | ||
| 040 |
_aDLC _cBD-DhUAP _bEng _dBD-DhUAP |
||
| 082 | 0 | 0 |
_a342.549202 KAM _223 |
| 100 | _aKamal, Mustafa. | ||
| 245 | 1 | 0 |
_aBangladesh Constitution : _btrends and issues / _cMustafa Kamal ; edited by Kazi Ebadul Hoque. |
| 250 | _a2nd ed. | ||
| 260 |
_aDhaka, Bangladesh : _bUniversity of Dhaka, _cc2019. |
||
| 300 |
_aviii, 192 pages ; _c22 cm. |
||
| 490 | _aKamini Kumar Dutta memorial law lectures, 1994. | ||
| 650 |
_aConstitutional law _zBangladesh. |
||
| 700 | _aHoque, Kazi Ebadul. | ||
| 942 |
_2ddc _cBK |
||